000 00233nmm a2200085Ia 4500
008 220120s9999||||xx |||||||||||||||||und||
100 _aIT
_910698
245 0 _aWeb Browser ; Fun stuft, utilities, your softqware , grafic
260 _c2005
999 _c138583
_d138583